000 00672nam a2200253Ia 4500
001 1059
003 GE_BSU
008 181216s||||||||xx |||||||||||||| ||und||
040 _cGE_BSU
080 _a159.928.235
100 _aСосло, Роберт
245 _aКогнитивная психология
245 _bСерия "Мастера психологии
250 _a6-е изд.
260 _aСПБ
260 _bПитер
260 _c2006
300 _a589стр.
541 _h30л.
653 _aКогнитивная психология
653 _aПсихология
653 _aფსიქოლოგია
942 _cBK
999 _c35213
_d35213